| 000 | 00732nam a22002415i 4500 | ||
|---|---|---|---|
| 001 | 11551 | ||
| 003 | ES-MaACL | ||
| 005 | 20230906150126.0 | ||
| 007 | t| | ||
| 008 | 950619s1995 sp ||||0| spa d | ||
| 020 | _a84-03-60259-6 | ||
| 040 |
_aM-BN _bspa _cM-BN |
||
| 080 | _a806.0-316.3 | ||
| 100 | 1 |
_aHoyo, Arturo del, _d1917-2004 _964424 |
|
| 245 | 1 | 0 |
_aDiccionario de palabras y frases extranjeras / _cArturo del Hoyo. |
| 250 | _a2ª ed. corr. y aum. | ||
| 260 |
_aMadrid : _bAguilar, _c1995. |
||
| 300 |
_aXIX, 495 p ; _c18 cm. |
||
| 504 | _aBibliografía: p. XI-XVI. | ||
| 650 | 1 | 4 |
_aLengua española- _xExtranjerismos- _vDiccionarios. _914158 |
| 852 |
_aES-MaACL _jL-18873 _bR.124745 |
||
| 999 |
_c11551 _d11551 |
||